000 00805nam a2200205Ia 4500
001 15223
003 GE_BSU
008 181216s||||||||xx |||||||||||||| ||und||
040 _cGE_BSU
080 _a821.353.1-32 + 821.353.1-4
245 _aშრომის დიდება: მოთხრობები და ნარკვევები
245 _cშეადგინეს ნ. წერეთელმა და გ. ჯულუხაძემ ; წინასიტყვ. ნ. წერეთლისა.
260 _aთბილისი
260 _bმერანი
260 _c1975
300 _a431გვ.23სმ.
653 _aმოთხრობები და ნარკვევები
653 _aშრომის დიდება
942 _cBK
999 _c48335
_d48335